Θέματα πληροφορικής κινηματογραφίας

Αποθηκεύτηκε σε:
Λεπτομέρειες βιβλιογραφικής εγγραφής
Κύριος συγγραφέας: Κυριακουλάκος, Παναγιώτης
Μορφή: Βιβλίο
Γλώσσα:Greek
Δημοσίευση: Αθήνα : Καστανιώτη, c2007.
Σειρά:Κινηματογράφος (Καστανιώτης)
Θέματα:
Ετικέτες: Προσθήκη ετικέτας
Δεν υπάρχουν, Καταχωρήστε ετικέτα πρώτοι!

MARC

LEADER 00000cam a2200000 i 4500
001 1/75452
008 080221s2007 gr | ||| |||| ||gre||
020 |a 9789600345476 
035 |l 10094921 
040 |a GR-MyUa  |b gre  |e AACR2 
041 0 |a gre 
082 7 |a 778.530285   |2 (22)  
082 7 |a 777   |2 (23)  
100 1 |a Κυριακουλάκος, Παναγιώτης. 
245 1 0 |a Θέματα πληροφορικής κινηματογραφίας /   |c Παναγιώτης Κυριακουλάκος.  
260 |a Αθήνα :   |b Καστανιώτη,   |c c2007.  
300 |a 203 σ. :   |b εικ. ;   |c 21 εκ. 
490 1 |a (Κινηματογράφος / Καστανιώτης) 
504 |a Βιβλιογραφία: σ. 197-203.  
650 0 |a Digital cinematography. 
650 0 |a Computer animation. 
650 0 |a Digital video. 
830 0 |a Κινηματογράφος (Καστανιώτης) 
852 |a INST  |b CHIOS  |e 20100923  |h 778.530285 ΚΥΡ  |p 005200031932  |q 005200031932  |t BK  |y 0 
852 |a INST  |b LEMNOS  |e 20100125  |h 778.530285 ΚΥΡ  |p 005600000294  |q 005600000294  |t BK  |y 0 
852 |a INST  |b LESVOS  |e 20100315  |h 778.530285 ΚΥΡ  |p 005100046171  |q 005100046171  |t BK  |y 0 
852 |a INST  |b LESVOS  |e 20100608  |h 778.530285 ΚΥΡ  |p 005100047498  |q 005100047498  |t BK  |y 0 
852 |a INST  |b LESVOS  |e 20100608  |h 778.530285 ΚΥΡ  |p 005100047499  |q 005100047499  |t BK  |y 0 
852 |a INST  |b RHODES  |e 20111221  |h 778.530285 ΚΥΡ  |p 005400033898  |q 005400033898  |t BK  |y 0 
852 |a INST  |b SAMOS  |e 20091124  |h 778.530285 ΚΥΡ  |p 005300031131  |q 005300031131  |t BK  |y 0 
852 |a INST  |b SYROS  |e 20080221  |h 777 ΚΥΡ  |p 005500006515  |q 005500006515  |t BK  |y 0 
852 |a INST  |b SYROS  |e 20080221  |h 777 ΚΥΡ  |p 005500006516  |q 005500006516  |t BK  |y 0 
852 |a INST  |b SYROS  |e 20091111  |h 777 ΚΥΡ  |p 005500008095  |q 005500008095  |t BK  |y 0 
901 |a BIBL4-2011-3 
901 |a BIBL3-2009-3 
901 |a BIBL5-2009-3 
901 |a BIBL5-2008-1 
901 |a BIBL6-2010-1 
901 |a BIBL1-2010-1 
901 |a BIBL2-2010-3 
970 |a Καγιαβά  |b Ειρήνη  |z 21/02/2008